The rebel in me : (Record no. 131785)
[ view plain ]
| 000 -LEADER | |
|---|---|
| fixed length control field | 01882cam a2200397 a 4500 |
| 001 - CONTROL NUMBER | |
| control field | 18292924 |
| 003 - CONTROL NUMBER IDENTIFIER | |
| control field | ARRUPE |
| 005 - DATE AND TIME OF LATEST TRANSACTION | |
| control field | 20240208114519.0 |
| 008 - FIXED-LENGTH DATA ELEMENTS--GENERAL INFORMATION | |
| fixed length control field | 140906s2014 enkabcf 000 0aeng |
| 010 ## - LIBRARY OF CONGRESS CONTROL NUMBER | |
| LC control number | 2014325063 |
| 016 7# - NATIONAL BIBLIOGRAPHIC AGENCY CONTROL NUMBER | |
| Record control number | 016738914 |
| Source | Uk |
| 020 ## - INTERNATIONAL STANDARD BOOK NUMBER | |
| International Standard Book Number | 9781920143961 (RSA) |
| 020 ## - INTERNATIONAL STANDARD BOOK NUMBER | |
| International Standard Book Number | 1920143963 |
| 020 ## - INTERNATIONAL STANDARD BOOK NUMBER | |
| International Standard Book Number | 9781909982352 (UK) |
| 020 ## - INTERNATIONAL STANDARD BOOK NUMBER | |
| International Standard Book Number | 1909982350 |
| 035 ## - SYSTEM CONTROL NUMBER | |
| System control number | (OCoLC)ocn878629973 |
| 040 ## - CATALOGING SOURCE | |
| Original cataloging agency | OI@ |
| Transcribing agency | OI@ |
| Modifying agency | OCLCO |
| -- | UKMGB |
| -- | ILPML |
| -- | DLC |
| 042 ## - AUTHENTICATION CODE | |
| Authentication code | lccopycat |
| -- | lcode |
| 043 ## - GEOGRAPHIC AREA CODE | |
| Geographic area code | f-rh--- |
| 050 00 - LIBRARY OF CONGRESS CALL NUMBER | |
| Classification number | DT2990 |
| Item number | .M883 2014 |
| 300 ## - PHYSICAL DESCRIPTION | |
| Other physical details | ill. , map, ports. ; |
| Dimensions | 23 cm. |
| 100 1# - MAIN ENTRY--PERSONAL NAME | |
| Personal name | Mutambara, Agrippah, |
| Dates associated with a name | 1951- |
| 245 14 - TITLE STATEMENT | |
| Title | The rebel in me : |
| Remainder of title | a ZANLA guerrilla commander in the Rhodesian Bush War, 1975-1980 / |
| Statement of responsibility, etc | Agrippah Mutambara. |
| 260 ## - PUBLICATION, DISTRIBUTION, ETC. (IMPRINT) | |
| Place of publication, distribution, etc | Solihull : |
| Name of publisher, distributor, etc | Helion & Company ; |
| Place of publication, distribution, etc | Pinetown, South Africa : |
| Name of publisher, distributor, etc | 30° South Publishers , |
| Date of publication, distribution, etc | 2014. |
| 300 ## - PHYSICAL DESCRIPTION | |
| Extent | 272 p., [8] p. of plates : |
| 520 ## - SUMMARY, ETC. | |
| Summary, etc | "This is the true story of a young guerrilla commander brought up in a Christian family in Rhodesia, a former colony of Britain. Exposed to the excesses of a colonial regime where race and racism determined one's status in society, and influenced by the radical anti-racial views of his parents and later of fellow students and workmates, his character began to change." -- back cover. |
| 600 10 - SUBJECT ADDED ENTRY--PERSONAL NAME | |
| Personal name | Mutambara, Agrippah, |
| Dates associated with a name | 1951- |
| 610 20 - SUBJECT ADDED ENTRY--CORPORATE NAME | |
| Corporate name or jurisdiction name as entry element | Zimbabwe African National Liberation Army |
| Form subdivision | Biography. |
| 9 (RLIN) | 49931 |
| 650 #0 - SUBJECT ADDED ENTRY--TOPICAL TERM | |
| Topical term or geographic name as entry element | Guerrillas |
| Geographic subdivision | Zimbabwe |
| Form subdivision | Biography. |
| 9 (RLIN) | 52406 |
| 650 #0 - SUBJECT ADDED ENTRY--TOPICAL TERM | |
| Topical term or geographic name as entry element | National liberation movements |
| Geographic subdivision | Zimbabwe |
| Form subdivision | Biography. |
| 9 (RLIN) | 49935 |
| 651 #0 - SUBJECT ADDED ENTRY--GEOGRAPHIC NAME | |
| Geographic name | Zimbabwe |
| General subdivision | History |
| Chronological subdivision | Chimurenga War, 1966-1980 |
| Form subdivision | Personal narratives. |
| 9 (RLIN) | 267 |
| 651 #0 - SUBJECT ADDED ENTRY--GEOGRAPHIC NAME | |
| Geographic name | Zimbabwe |
| General subdivision | History, Military. |
| 9 (RLIN) | 49937 |
| 651 #0 - SUBJECT ADDED ENTRY--GEOGRAPHIC NAME | |
| Geographic name | Zimbabwe |
| Form subdivision | Biography. |
| 9 (RLIN) | 32007 |
| 906 ## - LOCAL DATA ELEMENT F, LDF (RLIN) | |
| a | 7 |
| b | cbc |
| c | copycat |
| d | 2 |
| e | ncip |
| f | 20 |
| g | y-gencatlg |
| 942 ## - ADDED ENTRY ELEMENTS (KOHA) | |
| Source of classification or shelving scheme | Library of Congress Classification |
| Koha item type | Monograph ( Printed materials) |
| Withdrawn status | Lost status | Source of classification or shelving scheme | Damaged status | Not for loan | Collection code | Home library | Current library | Shelving location | Date acquired | Total Checkouts | Full call number | Barcode | Date last seen | Price effective from | Koha item type |
|---|---|---|---|---|---|---|---|---|---|---|---|---|---|---|---|
| Library of Congress Classification | Main Collection | ARRUPE LIBRARY | ARRUPE LIBRARY | Main Collection | 08/02/2024 | DT2990 .M883 2014 | 46700000326 | 08/02/2024 | 08/02/2024 | Monograph ( Printed materials) |